Top 100 Most Popular Metal Albums on Rate Your Music - Statistics

General Stats
  • This quiz has been taken 1,035 times
    376 since last reset
  • The average score is 22 of 100
Answer Stats
No. of Ratings Year of Release Sub-Genre Album % Correct
33,756 1991 Heavy Metal Metallica
79%
41,716 1970 Heavy Metal / Hard Rock Black Sabbath
77%
50,044 1986 Thrash Metal Master of Puppets
77%
62,618 1970 Heavy Metal / Hard Rock Paranoid
76%
47,577 1984 Thrash Metal Ride the Lightning
74%
34,546 1983 Thrash Metal Kill 'Em All
61%
34,419 1988 Thrash Metal …And Justice for All
59%
41,902 2001 Alternative Metal Toxicity
49%
30,881 1990 Thrash Metal Rust In Peace
46%
26,336 2000 Nu Metal / Rap Rock Hybrid Theory
42%
15,306 1994 Nu Metal Korn
41%
41,433 1971 Heavy Metal / Traditional Doom Metal Master of Reality
40%
37,655 1992 Rap Metal Rage Against the Machine
38%
29,138 1986 Thrash Metal Reign In Blood
38%
16,684 1999 Nu Metal Slipknot
37%
26,619 1982 Heavy Metal The Number of the Beast
37%
33,921 1992 Grunge / Alternative Metal Dirt
35%
20,833 2003 Nu Metal / Rap Rock Meteora
35%
19,404 1980 Heavy Metal Iron Maiden
34%
18,654 1986 Thrash Metal Peace Sells... But Who's Buying?
33%
24,246 1984 Heavy Metal Powerslave
33%
16,452 1996 Hard Rock / Heavy Metal Load
31%
13,479 1990 Groove Metal / Thrash Metal Cowboys From Hell
30%
14,980 1997 Hard Rock / Heavy Metal Reload
30%
14,196 2001 Nu Metal Iowa
29%
35,036 2001 Alternative / Progressive Metal Lateralus
29%
22,628 1998 Alternative Metal System of A Down
29%
15,147 1992 Groove Metal Vulgar Display of Power
29%
17,976 1990 Heavy Metal Painkiller
28%
19,498 2003 Alternative Metal St. Anger
26%
16,929 2005 Alternative Metal Hypnotize
25%
24,261 1973 Heavy Metal / Hard Rock Sabbath Bloody Sabbath
25%
29,271 1996 Alternative Metal / Progressive Metal Ænima
24%
15,887 2008 Thrash Metal Death Magnetic
24%
25,356 1972 Heavy Metal / Hard Rock Vol. 4
24%
38,164 2000 Alternative Metal White Pony
23%
32,548 1997 Nu Metal / Alternative Metal Around the Fur
22%
16,130 1981 Heavy Metal Killers
22%
27,256 1995 Technical Death Metal Symbolic
22%
21,088 2005 Alternative Metal Mezmerize
21%
17,699 1988 Heavy Metal Seventh Son of a Seventh Son
21%
17,197 1990 Grunge / Alternative Metal Facelift
20%
13,896 1995 Grunge / Alternative Metal Alice In Chains
19%
16,703 1980 Heavy Metal Heaven and Hell
19%
17,482 1983 Heavy Metal Piece of Mind
19%
14,996 1990 Thrash Metal Seasons In the Abyss
19%
14,267 1988 Thrash Metal South of Heaven
19%
15,990 2002 Alternative Metal Steal This Album!
19%
19,271 1991 Technical Death Metal / Death Metal Human
18%
22,268 2001 Progressive Metal Blackwater Park
17%
15,372 1986 Heavy Metal Somewhere In Time
17%
29,177 2013 Blackgaze / Post-Metal Sunbather
17%
22,000 2006 Alternative Metal / Progressive Metal / Progressive Rock 10,000 Days
16%
15,830 1988 Death Metal Leprosy
16%
15,168 1999 Rap Metal / Alternative Metal The Battle of Los Angeles
16%
18,493 1998 Progressive Metal / Technical Death Metal The Sound of Perseverance
16%
24,780 2000 Stoner Metal / Doom Metal Dopethrone
15%
28,310 1996 Atmospheric Black Metal / Ambient Filosofem
15%
18,437 2004 Sludge Metal / Progressive Metal Leviathan
15%
16,542 1975 Heavy Metal / Hard Rock Sabotage
15%
18,908 1993 Alternative Metal Undertow
15%
16,114 1996 Rap Metal / Alternative Metal Evil Empire
14%
16,883 2005 Progressive Metal / Death Metal From Mars to Sirius
13%
15,065 1992 Progressive Metal Images and Words
13%
14,767 1987 Death Metal Scream Bloody Gore
13%
13,742 1991 Grunge / Alternative Metal Badmotorfinger
11%
15,747 1994 Black Metal De Mysteriis Dom Sathanas
11%
23,461 2001 Mathcore / Metalcore Jane Doe
11%
19,945 1994 Stoner Rock / Stoner Metal Kyuss [Welcome to Sky Valley]
11%
16,588 1992 Black Metal A Blaze In the Northern Sky
10%
14,826 1995 Nu Metal / Alternative Metal Adrenaline
10%
16,320 2009 Progressive Metal Crack the Skye
10%
18,270 2010 Alternative Metal Diamond Eyes
10%
14,280 2005 Progressive Metal Ghost Reveries
10%
13,644 2019 Progressive Metal / Post-Metal Fear Inoculum
9%
14,568 1993 Technical Death Metal Individual Thought Patterns
9%
19,312 2012 Alternative Metal Koi No Yokan
9%
16,113 2006 Alternative Metal / Alternative Rock Saturday Night Wrist
9%
15,320 1999 Progressive Metal Still Life
9%
14,626 1994 Sludge Metal When the Kite String Pops
9%
23,497 2003 Post-Metal / Drone Metal / Drone Boris at Last -Feedbacker-
8%
14,971 2003 Stoner Metal / Doom Metal Dopesmoker
8%
14,438 1994 Symphonic Black Metal In the Nightside Eclipse
8%
22,270 2005 Noise Rock / Stoner Metal Pink
8%
15,433 2025 Blackgaze / Post-Metal Lonely People With Power
7%
13,717 1995 Melodic Black Metal Storm of the Light's Bane
7%
17,515 2002 Post-Metal / Folk Metal / Dark Folk The Mantle
7%
14,151 1994 Black Metal Transilvanian Hunger
7%
14,519 2006 Post-Metal / Atmospheric Black Metal Ashes Against the Grain
6%
15,245 1996 Brutal Death Metal / Technical Death Metal None So Vile
6%
16,540 1992 Alternative Metal Angel Dust
5%
14,568 2004 Atmospheric Sludge Metal / Post-Metal Panopticon
5%
16,904 1995 Atmospheric Black Metal / Pagan Black Metal Bergtatt: Et eeventyr i 5 capitler
4%
14,289 1970 Hard Rock / Heavy Metal Deep Purple In Rock
4%
15,607 1994 Atmospheric Black Metal Hvis Lyset Tar Oss
3%
16,159 2019 Thrash Metal / Stoner Metal Infest the Rats' Nest
3%
14,491 2023 Progressive Metal / Thrash Metal PetroDragonic Apocalypse; or, Dawn of Eternal Night: An Annihilation of Planet Earth and the Beginning of Merciless Damnation
3%
14,454 2003 Stoner Metal あくまのうた (Akuma No Uta)
2%
13,425 2022 Noise Rock / Sludge Metal / Pigfuck God's Country
2%
14,584 2007 Shoegaze / Blackgaze / Post-Metal Souvenirs d'un autre monde
2%
No matching quizzes found
Score Distribution
Percent of People with Each Score
Percentile by Number Answered
Your Score History
You have not taken this quiz since the last reset